000 00339nam a2200145Ia 4500
008 230718s9999 xx 000 0 und d
041 _aEng.
082 _a163
_bNEG-T
100 _aNegotiable Act
245 4 _aThe Negotiable Instruction
260 _aPakistan
_bKauser Publishers
_c1881
300 _a136
650 _aLaw
999 _c27744
_d27744